000 00574nam a22001937a 4500
999 _c193053
_d193053
005 20221014123842.0
010 _aB-745965
020 _a9789390697250
_c250.00
035 _aB-745965
037 _bPharos Books
082 _aS
100 _aLang, Andrew
245 _aThe Blue Fairy Book/
_cAndrew Lang
260 _aDelhi
_bPharos Books
_c2020
270 _aPlot No.-55, Main Mother Dairy Road, Pandav Nagar,
_bDelhi
_e110092
300 _a384p.
_c20cm(pbk)
942 _2ddc
_cEN
_mLAN
_hS